10 NBA Teams With Lowest Attendance 2024-2025 - Statistics

General Stats
  • This quiz has been taken 57 times
  • The average score is 8 of 10
Answer Stats
Avg. Attendance Team % Correct
17,169 Hornets
90%
17,398 Nets
90%
16,188 Wizards
88%
16,815 Pelicans
87%
16,986 Kings
85%
17,071 Suns
85%
16,660 Grizzlies
83%
16,566 Clippers
81%
16,718 Pacers
81%
16,440 Hawks
77%
No matching quizzes found
Score Distribution
Percent of People with Each Score
Percentile by Number Answered
Your Score History
You have not taken this quiz